| 000 | 00836ngm a2200313 a 4500 | ||
|---|---|---|---|
| 003 | BLK | ||
| 005 | 20240529153452.0 | ||
| 007 | m| caa|akaadaaaac | ||
| 008 | 180410b bul||n||s|||||||| n|bulo| | ||
| 010 | _aCDD00001573000 | ||
| 040 | _aBLK | ||
| 041 |
_aBUL _cBUL |
||
| 080 |
_aКомедии _b791.221.2 _z791.221.2 |
||
| 139 |
_aБащи трепачи [DVD] _bБ 12 |
||
| 245 | 1 | 0 | _aБащи трепачи [DVD] |
| 257 | _aBGR | ||
| 260 |
_c2005 _aСофия |
||
| 300 |
_a110 мин. _bцв. _c12 см |
||
| 380 | _a7 | ||
| 490 |
_aСветовно кино _v2 |
||
| 590 | _aS.N: 56517 от КНИГИ | ||
| 852 |
_aЦб CD 892 _p0 |
||
| 856 | 4 |
_qpdf _u |
|
| 856 | 4 |
_qpdf _u |
|
| 942 |
_cCDD _n0 |
||
| 944 |
_aCR _c10.11.2005 _k30570 _lМоника Янева |
||
| 944 |
_aED _c30.06.2006 |
||
| 999 |
_c219259 _d219259 |
||
| 999 | _d219259 | ||